Zľavy, skontá, rabaty, bonusy
Popis, rozdelenie a charakteristika jednotlivých druhov zliav, ktoré sa vyskytujú v obchodnej činnosti, ako aj vymedzenie spôsobu ich účtovania a následný dosah z pohľadu dane z príjmov a dane z pridanej hodnoty. Definície pojmov rabatu a skonta.
Guardado en:
| Autor principal: | |
|---|---|
| Formato: | Capítulo de libro |
| Lenguaje: | eslovaco |
| Materias: | |
| Etiquetas: |
Sin Etiquetas, Sea el primero en etiquetar este registro!
|
MARC
| LEADER | 00000naa a2200000 4500 | ||
|---|---|---|---|
| 001 | r046542 | ||
| 005 | 20231003085622.7 | ||
| 041 | 0 | |a slo | |
| 044 | |a SK | ||
| 245 | 1 | 0 | |a Zľavy, skontá, rabaty, bonusy |c Tomáš Barcaj |
| 520 | |a Popis, rozdelenie a charakteristika jednotlivých druhov zliav, ktoré sa vyskytujú v obchodnej činnosti, ako aj vymedzenie spôsobu ich účtovania a následný dosah z pohľadu dane z príjmov a dane z pridanej hodnoty. Definície pojmov rabatu a skonta. | ||
| 610 | 2 | 0 | |a zľavy obchodné |
| 610 | 2 | 0 | |a zvýhodnenie cenové |
| 610 | 2 | 0 | |a reťazce obchodné |
| 610 | 2 | 0 | |a rabat |
| 610 | 2 | 0 | |a pojmy |
| 610 | 2 | 0 | |a predaj |
| 610 | 2 | 0 | |a tovar |
| 610 | 2 | 0 | |a zákazníci |
| 610 | 2 | 0 | |a predajcovia |
| 610 | 2 | 0 | |a účtovanie |
| 610 | 2 | 0 | |a faktúry |
| 100 | 1 | |a Barcaj, Tomáš | |